| 000 | 00564nam a2200205Ia 4500 | ||
|---|---|---|---|
| 005 | 20230726091308.0 | ||
| 008 | 131103s9999 xx 000 0 und d | ||
| 040 | _aLoreto College | ||
| 041 | _aEnglish | ||
| 082 |
_a920 _bDUR |
||
| 100 | _aDurrell,Gerald | ||
| 245 | 4 |
_aThe Drunken Forest _cGerald Durrell;with illustrated by Ralph Thompson |
|
| 260 |
_aLondon _bRupert Hart - Davis _c1956 (1958 printing) |
||
| 300 | _a238 p. | ||
| 650 | _aDurrell,Gerald | ||
| 651 | _aAutobiography | ||
| 700 | _aThompson,Ralph;illus. | ||
| 850 | _aLCLIB | ||
| 942 | _cBK | ||
| 999 |
_c12219 _d62698 |
||